| 000 | 00770nam a2200205 a 4500 | ||
|---|---|---|---|
| 005 | 20230601063646.0 | ||
| 008 | 991125s1985 mx 000 0 spa u | ||
| 020 | _a9688052019 | ||
| 035 | _aUPN01000027963 | ||
| 049 | _aCG | ||
| 050 | 4 |
_aF1232 _bH4.4 |
|
| 100 | 1 | _aHernández y Dávalos, José E. | |
| 245 | 1 | 0 |
_aHistoria de la guerra de independencia de México / _cJ. E. Hernández y Dávalos. |
| 260 |
_aMéxico : _bINEHRM, _c1985. |
||
| 300 | _a6 v. | ||
| 500 | _a"Edición facsimilar, 1era. ed. publicada en 1878" | ||
| 500 | _a"Comisión Nacional para las Celebraciones del 175 Aniversario de la Independencia Nacional y 75 Aniversario de la Revolución Mexicana" | ||
| 651 | 4 |
_aMéxico _xHistoria _yGuerra de Independencia, 1810-1821 _915381 |
|
| 905 | _aLibro | ||
| 999 |
_c27963 _d27963 |
||